000 00490nam a22001577a 4500
999 _c9084
_d9084
003 GBCCL
005 20241126110705.0
008 220405b ||||| |||| 00| 0 eng d
040 _cgbc
082 _aARCH GBC-2020
_bNGA
100 _aNgaihte, L Thang Joel
_915845
245 _aAn empirical study on the practice of money loaning at interest in Churachandpur EBC and its Biblical response
260 _aNew Lamka:
_bGrace Bible College,
_c2021
300 _aviii, 51p. ;
942 _2ddc
_cTH